| 000 | 01259cam a22003135i 4500 | ||
|---|---|---|---|
| 001 | 4049583 | ||
| 003 | EG-ScBUE | ||
| 005 | 20250622092018.0 | ||
| 008 | 990525t2000 nyua f b 001 0 eng d | ||
| 020 | _a0780347013 | ||
| 020 | _a9780780347014 | ||
| 040 |
_aEG-ScBUE _beng _erda _cEG-ScBUE _dEG-ScBUE |
||
| 082 | 0 | 4 |
_a537 _222 _bFRO |
| 245 | 0 | 0 |
_aFrontiers in electromagnetics / _cedited by Douglas H. Werner, Department of Electrical Engineering and Applied Research Laboratory, The Pennsylvania State University, Raj Mittra, Department of Electrical Engineering, The Pennsylvania State University. |
| 264 | 1 |
_aNew York : _bThe Institute of Electrical and Electronics Engineers, Inc., _c[2000] |
|
| 264 | 4 | _cc2000 | |
| 300 |
_axxv, 787 pages : _billustrations (some color) ; _c26 cm. |
||
| 336 |
_2rdacontent _atext _btxt |
||
| 337 |
_aunmediated _2rdamedia _bn |
||
| 338 |
_avolume _bnc _2rdacarrier |
||
| 490 | 0 | _aIEEE Press series on Microwave Technology and RF | |
| 504 | _aIncludes bibliographical references and index. | ||
| 650 | 7 |
_aElectromagnetism. _2BUEsh _91928 |
|
| 653 |
_bENGGEN _cNovember2015 |
||
| 655 |
_vReading book _934232 |
||
| 700 | 1 |
_aWerner, Douglas H., _d1960- _eeditor. |
|
| 700 | 1 |
_aMittra, Raj, _eeditor. |
|
| 942 |
_2ddc _cBB |
||
| 999 |
_c21098 _d21070 |
||